书目信息 |
| 题名: |
实战Android应用开发
|
|
| 作者: | 李鸥 编著 | |
| 分册: | ||
| 出版信息: | 北京 清华大学出版社 2012 |
|
| 页数: | 10,462页 | |
| 开本: | 26cm | |
| 丛书名: | ||
| 单 册: | ||
| 中图分类: | TP316.85 | |
| 科图分类: | ||
| 主题词: | 移动电话机--操作系统--程序设计 , 移动电话机 , 程序设计 , 操作系统 | |
| 电子资源: | ||
| ISBN: | 978-7-302-28864-0 | |
| 000 | 01091nam0 2200277 450 | |
| 001 | 1658078239 | |
| 005 | 20161023160832.70 | |
| 010 | @a978-7-302-28864-0@b光盘@dCNY 59.80 | |
| 100 | @a20120928d2012 em y0chiy50 ea | |
| 101 | 0 | @achi |
| 102 | @aCN@b110000 | |
| 105 | @ay z 000yy | |
| 200 | 1 | @a实战Android应用开发@Ashi zhan Android ying yong kai fa@b专著@f李鸥等编著 |
| 210 | @a北京@c清华大学出版社@d2012 | |
| 215 | @a10,462页@d26cm@e1光盘 | |
| 307 | @a附光盘:ISBN 978-7-89444-972-6 | |
| 330 | @a本书通过开发实例和项目案例,详细的介绍了Android应用开发的主要技术。全书从Android的基本知识讲起,通过实例逐步深入讲解了Android的界面布局、程序特性、数据存储、网络通信、多媒体、手机短信通话、传感器和GPS等应用开发的基本知识,然后介绍了Android NDK开发等拓展知识,最后介绍了文件管理器、微博客户端综合案例。 | |
| 606 | 0 | @a移动电话机@x操作系统@x程序设计 |
| 606 | 0 | @a移动电话机 |
| 606 | 0 | @a程序设计 |
| 606 | 0 | @a操作系统 |
| 610 | 0 | @aAndroid |
| 690 | @aTP316.85@v5 | |
| 701 | 0 | @a李鸥@Ali ou@c(计算机)@4编著 |
| 801 | 0 | @aCN@b110017@c20140927 |
| 905 | @a241430@dTP316.85@eL228 | |
| 实战Android应用开发/李鸥等编著.-北京:清华大学出版社,2012 |
| 10,462页;26cm+1光盘 |
| ISBN 978-7-302-28864-0(光盘):CNY 59.80 |
| 本书通过开发实例和项目案例,详细的介绍了Android应用开发的主要技术。全书从Android的基本知识讲起,通过实例逐步深入讲解了Android的界面布局、程序特性、数据存储、网络通信、多媒体、手机短信通话、传感器和GPS等应用开发的基本知识,然后介绍了Android NDK开发等拓展知识,最后介绍了文件管理器、微博客户端综合案例。 |
| ● |
| 相关链接 |
|
|
|
正题名:实战Android应用开发
索取号:TP316.85/L228
 
预约/预借
| 序号 | 登录号 | 条形码 | 馆藏地/架位号 | 状态 | 备注 |
| 1 | 1238825 | 212388254 | 自科库301/301自科库 58排4列2层/ [索取号:TP316.85/L228] | 在馆 |